| 000 | 00364nam a22001577a 4500 | ||
|---|---|---|---|
| 003 | MPLRDC | ||
| 005 | 20220104174808.0 | ||
| 008 | 210129b ||||| |||| 00| 0 eng d | ||
| 082 | _a524.9561 PPSB 1984 | ||
| 100 | _a不详 | ||
| 245 |
_aBIOLOGI STPM _c |
||
| 260 |
_a _bPENERBITAN PELANGI _c1984 |
||
| 300 | _b平 | ||
| 650 | _a | ||
| 942 |
_cBK _o524.9561 PPSB 1984 |
||
| 999 |
_c60035 _d60025 |
||